Find the Female Sitcom Characters Quiz Stats

 Plays Quiz Updated Oct 20, 2019

Score 0/20 Timer 05:00
29 Plays Today
% Correct
Phoebe Buffay
Friends
92.6%
Roseanne Conner
Roseanne
89.6%
Lucy Ricardo
I Love Lucy
87.5%
Elaine Benes
Seinfeld
84.5%
Mary Richards
The Mary Tyler
Moore Show
80.8%
Mindy Lahiri
The Mindy Project
80.6%
Liz Lemon
30 Rock
79.4%
Carla Tortelli
Cheers
79%
Kitty Forman
That '70s Show
78.4%
Murphy Brown
Murphy Brown
78.3%
% Correct
Leslie Knope
Parks and
Recreation
77.4%
Kimmy Schmidt
Unbreakable
Kimmy Schmidt
76.6%
Karen Walker
Will & Grace
74.8%
Sophia Petrillo
The Golden Girls
73.5%
Jane Villanueva
Jane the Virgin
71.5%
Lucille Bluth
Arrested
Development
67.4%
Gina Linetti
Brooklyn
Nine-Nine
67.3%
Dee Reynolds
It's Always
Sunny in
Philadelphia
61.3%
Britta Perry
Community
60.5%
Selina Meyer
Veep
60.4%

You're not logged in!

Compare scores with friends on all Sporcle quizzes.
OR
Log In

Sporcle TV

Today on Sporcle TV


Watch our educational content, quiz creation guides, and fun videos on Sporcle TV.

Show Comments

Extras

Top Quizzes Today


Score Distribution

Your Account Isn't Verified!

In order to create a playlist on Sporcle, you need to verify the email address you used during registration. Go to your Sporcle Settings to finish the process.

Report this User

Report this user for behavior that violates our Community Guidelines.

Details: